Animals : (Record no. 1976)

MARC details
000 -LEADER
fixed length control field 01322cam a22003377a 4500
001 - CONTROL NUMBER
control field 1976
003 - CONTROL NUMBER IDENTIFIER
control field FISKH
005 - DATE AND TIME OF LATEST TRANSACTION
control field 20240715110421.0
008 - FIXED-LENGTH DATA ELEMENTS--GENERAL INFORMATION
fixed length control field 120508r20122008enka j 001 0 eng d
010 ## - LIBRARY OF CONGRESS CONTROL NUMBER
LC control number 2012360031
020 ## - INTERNATIONAL STANDARD BOOK NUMBER
International Standard Book Number 9780756691707
020 ## - INTERNATIONAL STANDARD BOOK NUMBER
International Standard Book Number 0756691702
035 ## - SYSTEM CONTROL NUMBER
System control number (OCoLC)ocn779217592
040 ## - CATALOGING SOURCE
Original cataloging agency CKW
Transcribing agency CKW
Modifying agency DEL
-- DLC
Language of cataloging eng
042 ## - AUTHENTICATION CODE
Authentication code lccopycat
050 00 - LIBRARY OF CONGRESS CALL NUMBER
Classification number QL49
Item number .A587355 2012
082 04 - DEWEY DECIMAL CLASSIFICATION NUMBER
Classification number 590
Edition number 22
100 ## - MAIN ENTRY--PERSONAL NAME
Personal name Anonymous
245 00 - TITLE STATEMENT
Title Animals :
Remainder of title a visual encyclopedia /
260 ## - PUBLICATION, DISTRIBUTION, ETC.
Place of publication, distribution, etc. London :
Name of publisher, distributor, etc. DK Publisher,
Date of publication, distribution, etc. 2008.
300 ## - PHYSICAL DESCRIPTION
Extent 304 pages :
Other physical details color illustrations ;
Dimensions 28 cm
505 0# - FORMATTED CONTENTS NOTE
Formatted contents note Z'<br/>
520 ## - SUMMARY, ETC.
Summary, etc. Authoritative yet accessible, Animals catalogs everything from aardvarks to zebras with special focus on the superlatives that appeal to children: biggest, fastest, strongest, and strangest. Stunning action photography puts our animal neighbors in context and shows them in their natural habitats, interacting with other animals and taking part in amazing migrations, feeding frenzies, and more.
521 8# - TARGET AUDIENCE NOTE
Target audience note 1010 <br/>
Source Lexile IG
521 8# - TARGET AUDIENCE NOTE
Target audience note Z'<br/>
Source Raz-Plus<br/>
650 #0 - SUBJECT ADDED ENTRY--TOPICAL TERM
Topical term or geographic name entry element Animals
Form subdivision Encyclopedias, Juvenile.
650 #0 - SUBJECT ADDED ENTRY--TOPICAL TERM
Topical term or geographic name entry element Zoology
Form subdivision Encyclopedias, Juvenile.
710 2# - ADDED ENTRY--CORPORATE NAME
Corporate name or jurisdiction name as entry element DK Publishing, Inc.
906 ## - LOCAL DATA ELEMENT F, LDF (RLIN)
a 7
b cbc
c copycat
d 2
e ncip
f 20
g y-gencatlg
942 ## - ADDED ENTRY ELEMENTS (KOHA)
Source of classification or shelving scheme Dewey Decimal Classification
Koha item type Books
Suppress in OPAC No
Holdings
Withdrawn status Lost status Source of classification or shelving scheme Damaged status Not for loan Collection Home library Current library Shelving location Date acquired Total Checkouts Full call number Barcode Date last seen Date last checked out Price effective from Koha item type
    Dewey Decimal Classification     Non-Fiction Footprints International School Library Network Toul Kork Campus Footprints International School Library Network Toul Kork Campus A TK Campus, 4th Floor, Room B401, Non-Fiction Bookcases(7-8) 10/24/2023 1 ANO 590.3 QL49.A587344 2023-0717 06/05/2025 04/07/2025 10/24/2023 Books